000 01199nam a22003737a 4500
001 000106394
003 CHAP
005 20220817044515.0
008 120228s2011 it a rn 00010 eng d
010 _a102856
011 _a103828
020 _a9789253070022
035 _a114517
040 _cCHAP
082 0 4 _a631.5
_aF212y
110 2 _aFAO
245 1 0 _aBuenas prácticas en el manejo de extensión en América Central /
_cpor FAO.
260 _aRoma :
_bFAO,
_c2011.
300 _aix, 156, p. :
_bilus., cuadros.
590 _aBATCH-UPD
_b10
_c20130110
_lUCH01
_h0959
590 _aBATCH-UPD
_b10
_c20130410
_lUCH01
_h0610
590 _aBATCH-UPD
_b10
_c20130914
_lUCH01
_h1157
590 _aCONVERSION
_b10
_c20130109
_lUCH01
_h1357
590 _aE5995AHE
_b05
_c20140812
_lUCH01
_h1131
590 _aE5995AHE
_b05
_c20140812
_lUCH01
_h1252
650 1 4 _aDesarrollo rural.
_932067
650 1 4 _aEducación agrícola.
_935491
650 1 4 _aExtención agrícola
_xAmérica Central.
_939137
650 1 4 _aPolítica agrícola
_xAmérica Central.
_990286
901 _aBK
942 _cLIBRO
942 _n0
949 _a631.5 F212y
_bBC
_cFAO
_d33724002318991
_eFAO1
_gDonaciØn
_h116286
_i114517
_sb
999 _c102856
_d102856